Análisis crítico de las evaluaciones de los programas compensatorios, 1994-2004.

Guardado en:
Bibliografiske detaljer
Hovedforfatter: Chaves, Patricia (autor)
Andre forfattere: Ramírez Raymundo, Rodolfo (autor) (autor)
Format: Bog
Sprog:spansk
Serier:(Serie política compensatoria en educación: evaluación y análisis ; 1)
Fag:
Tags: Tilføj Tag
Ingen Tags, Vær først til at tagge denne postø!

MARC

LEADER 00000nam^a2200000^u^4500
001 000499617
005 20250521000000.0
008 071029s1000^^^^^^^^^^^^r^^^^^000^0^spa^d
009 20260310125723.112
022 |a 9707400404 
035 |a FCE 000043669 
037 |a Acervo ITESO - Biblioteca 
041 |a spa 
082 0 4 |a 379.2  |b CONAFE 1-2006 
100 |a Chaves, Patricia  |e (autor) 
245 1 0 |a Análisis crítico de las evaluaciones de los programas compensatorios, 1994-2004. 
264 |a México :  |b Consejo Nacional de Fomento Educativo,  |c 2006. 
300 |a 142 p. 
336 |a texto  |b txt  |2 rdacontenido 
337 |a sin mediación  |b n  |2 rdamedio 
338 |a volumen  |b nc  |2 rdasoporte 
440 1 |a (Serie política compensatoria en educación: evaluación y análisis ; 1) 
649 |a XX 
650 |a Educación comunitaria 
650 |a Evaluación del programa 
650 |a Programas de educación compensatoria 
650 |a Evaluación educativa 
700 |a Ramírez Raymundo, Rodolfo  |e (autor) 
910 |a Fondo Centro de Estudios Educativos 
920 |a Impresos - Libros 
930 |a Fondos Especiales 
905 |a 133 
901 |a ALE050955  |b IT2  |c CEE  |u 20250521 
901 |a ALE050956  |b IT2  |c CEE  |u 20250521 
901 |a ALE067896  |b IT2  |c CEE  |u 20250521 
902 |a https://opac.biblio.iteso.mx/vufind/Record/000499617